10 biggest cities in Croatia by population - Statistics

General Stats
  • This quiz has been taken 613 times
  • The average score is 7 of 10
Answer Stats
Hint Answer % Correct
790.017 Zagreb
100%
178.192 Split
97%
128.384 Rijeka
85%
71.471 Zadar
81%
108.048 Osijek
71%
57.460 Pula
70%
55.705 Karlovac
46%
59.141 Slavonski Brod
43%
47.768 Sisak
28%
63.517 Velika Gorica
28%
No matching quizzes found
Score Distribution
Percent of People with Each Score
Percentile by Number Answered
Your Score History
You have not taken this quiz